header

William H. Taft (Record no. 57330)

MARC details
000 -LEADER
fixed length control field 01511nam a2200385 a 4500
082 04 - DEWEY DECIMAL CLASSIFICATION NUMBER
Classification number 973.91/2092
-- B
100 1# - MAIN ENTRY--AUTHOR NAME
Personal name Frederick, Richard G.,
245 10 - TITLE STATEMENT
Title William H. Taft
260 ## - PUBLICATION, DISTRIBUTION, ETC. (IMPRINT)
Place of publication New York :
Name of publisher Nova Science Publishers, Inc.,
Year of publication c2010.
300 ## - PHYSICAL DESCRIPTION
Number of Pages xxii, 205 p.
490 1# - SERIES STATEMENT
Series statement First men, America's presidents series
500 ## - GENERAL NOTE
General note "Nova history."
650 #0 - SUBJECT ADDED ENTRY--TOPICAL TERM
Topical Term Presidents
856 40 - ELECTRONIC LOCATION AND ACCESS
Uniform Resource Identifier http://site.ebrary.com/lib/rucke/Doc?id=10674934

No items available.

© 2026 Rongo University
Contact us: librarian | system librarian | Rongo university